Rediseño en el área de purificación de jugo de caña en Ingenio Monte Rosa S.A

Consiste en el análisis y rediseño del proceso de purificación de jugo en el Ingenio Monte Rosa S.A; se analizó el proceso en sus condiciones actuales considerando parámetros de operación en los equipos del área para dos volúmenes de molienda 3500 toneladas cortas por día y 6000 toneladas c...

Full description

Bibliographic Details
Main Author: Villanueva López, Engels Fernando
Other Authors: Tutor: Ramírez Meza, Javier Enrique
Format: Tesis Section = Libro
Language:Undetermined
Spanish
Published: Managua UNI 1999
Subjects:
LEADER 01552nam a2200241Ia 4500
008 240830s9999 xx 000 0 und d
040 |a BIBLIOTECA-RUSB/ Mon 658.534 V718 
041 |a spa 
082 |a Mon 658.534 V718 
100 1 |a Villanueva López, Engels Fernando 
245 1 0 |a Rediseño en el área de purificación de jugo de caña en Ingenio Monte Rosa S.A 
260 |a Managua  |b UNI  |c 1999 
300 |a 139 p. :il. 
502 |a Tesis (Ingeniero Químico) - UNI, 1999. 
520 3 |a Consiste en el análisis y rediseño del proceso de purificación de jugo en el Ingenio Monte Rosa S.A; se analizó el proceso en sus condiciones actuales considerando parámetros de operación en los equipos del área para dos volúmenes de molienda 3500 toneladas cortas por día y 6000 toneladas cortas por día, en las estaciones de alcalizado, calentamiento, clarificación, preparación de lechada de cal y tuberías. Comprende la Descripción del proceso de purificación en el Ingenio Monte Rosa, S.A; Operaciones unitarias utilizadas en el proceso de purificación del jugo de caña en el Ingenio Monte Rosa, S.A, Operación de calentamiento, Diseño de tuberías, Tanque de expansión Flash, Descripción operativa de clarificadores, Filtración. 
650 7 |a ANALISIS DE PROCESOS 
650 7 |b  EXTRACCION Y PURIFICACION-JUGO DE CAÑA 
650 7 |c  MOLIENDA Y PRODUCTOS OBTENIDOS 
650 7 |d  CAÑA DE AZUCAR 
700 1 |a Tutor:  |b Ramírez Meza, Javier Enrique 
942 |c BK  |2 ddc 
991 |a TESIS 
999 |c 20611